Оценка надежности машин и оборудования: теория и практика: учебник для вузов

Bibliografski detalji
Daljnji autori: Кравченко И. Н. Игорь Николаевич (редактор)
Sažetak:Изложены основные сведения о надежности машин на основе теории вероятностей и математической статистики. Особое внимание уделено методам расчета показателей надежности сложных технических систем, испытаниям машин на надежность, а также методам повышения их надежности. Инженерные расчеты показателей надежности элементов машин и оборудования проиллюстрированы многочисленными примерами. Для практических занятий приведены задачи по надежности машин.Для студентов и аспирантов высших учебных заведений, обучающихся по механическим, технологическим и конструкторским специальностям.
Jezik:ruski
Izdano: Москва, Инфра-М, 2012
Serija:Технологический сервис
Teme:
Format: Knjiga
KOHA link:https://koha.lib.tpu.ru/cgi-bin/koha/opac-detail.pl?biblionumber=218381

MARC

LEADER 00000nam0a2200000 4500
001 218381
005 20231101230206.0
010 |a 9785982812988 
010 |a 978-5-16-005578-7 
035 |a (RuTPU)RU\TPU\book\238407 
090 |a 218381 
100 |a 20120619d2012 m y0rusy50 ca 
101 0 |a rus 
102 |a RU 
105 |a a j 001zy 
200 1 |a Оценка надежности машин и оборудования: теория и практика  |e учебник для вузов  |f под ред. И. Н. Кравченко 
210 |a Москва  |c Инфра-М  |c Альфа-М  |d 2012 
215 |a 336 с.  |c ил. 
225 1 |a Технологический сервис 
320 |a Библиогр.: с. 332. 
330 |a Изложены основные сведения о надежности машин на основе теории вероятностей и математической статистики. Особое внимание уделено методам расчета показателей надежности сложных технических систем, испытаниям машин на надежность, а также методам повышения их надежности. Инженерные расчеты показателей надежности элементов машин и оборудования проиллюстрированы многочисленными примерами. Для практических занятий приведены задачи по надежности машин.Для студентов и аспирантов высших учебных заведений, обучающихся по механическим, технологическим и конструкторским специальностям. 
606 1 |a Механизмы и машины  |x Надежность  |2 stltpush  |3 (RuTPU)RU\TPU\subj\43535  |9 63023 
610 1 |a оборудование 
610 1 |a изнашивание 
610 1 |a физические основы 
610 1 |a теория вероятностей 
610 1 |a математическая статистика 
610 1 |a сложные технические системы 
610 1 |a расчеты 
610 1 |a испытания 
610 1 |a прогнозирование 
610 1 |a оценка 
610 1 |a теория 
610 1 |a практикумы 
610 1 |a учебники 
675 |a 62-192(075.8)  |v 3 
702 1 |a Кравченко  |b И. Н.  |g Игорь Николаевич  |4 340 
801 1 |a RU  |b 63413507  |c 20120619 
801 2 |a RU  |b 63413507  |c 20150716  |g RCR 
900 |a Надежность машин и оборудования 
900 |a Надежность и диагностика технологических систем 
942 |c BK 
951 |b 150100 
959 |a 82/20120524  |d 5  |e 369,90  |f ЧЗТЛ:1  |f АНЛ:1  |f УФ:3